Vista normal
Vista MARC
Entrada Topical Term
Número de registros utilizados en: 1
001 - CONTROL NUMBER
- control field: 11016
003 - CONTROL NUMBER IDENTIFIER
- control field: OSt
005 - DATE AND TIME OF LATEST TRANSACTION
- control field: 20200930125033.0
008 - FIXED-LENGTH DATA ELEMENTS
- fixed length control field: 200930|| aca||aabn | a|a d
040 ## - CATALOGING SOURCE
- Original cataloging agency: OSt
- Transcribing agency: OSt
150 ## - HEADING--TOPICAL TERM
- Topical term or geographic name entry element: Escuela Superior de Administración Pública
- Geographic subdivision: (Colombia)
670 ## - SOURCE DATA FOUND
- Source citation: Work cat.: (OSt): Younes Moreno, Diego, autor 10300, La ESAP y el desarrollo institucional colombiano 50 años : , [2009].